| 000 | 00543nam a2200169 a 4500 | ||
|---|---|---|---|
| 005 | 20240511063709.0 | ||
| 008 | 991125s1961 mx 000 0 spa u | ||
| 035 | _aUPN01000018702 | ||
| 049 | _aLT | ||
| 050 | 4 |
_aLB1577 M6.3 _bC3.4 LE |
|
| 100 | 1 |
_aCastro Flores, Celestino Alberto _938230 |
|
| 245 | 1 | 0 |
_aEjercicios de lenguaje : _btercer año : cuadernos de tareas / _cC. Alberto Castro Flores. |
| 260 |
_aMéxico : _bAvante, _c1961. |
||
| 300 |
_a95 p. : _bil. |
||
| 650 | 4 |
_aEspañol _xEstudio y enseñanza (Elemental) _92806 |
|
| 905 | _aLibro | ||
| 999 |
_c18702 _d18702 |
||